Logo BPK

Biblioteka

Politechniki Koszalińskiej

Dzieje literatur europejskich. (Rekord nr 21091)

Szczegóły MARC
000 -ETYKIETA REKORDU
podpole kontrolne o stałej długości 00522nam a2200145 i 4500
001 - NUMER KONTROLNY REKORDU
pole kontrolne bg
040 ## - ŹRÓDŁO KATALOGOWANIA
Instytucja, która utworzyła rekord BPK
041 ## - KOD JĘZYKA
Kod języka tekstu pol
080 ## - UNIWERSALNA KLASYFIKACJA DZIESIĘTNA - UKD
UKD 820/899(091)
008 - POLE O STAŁEJ DŁUGOŚCI - DANE KONTROLNE
podpole kontrolne o stałej długości s pl f |000 0 pol
245 10 - TYTUŁ/ODPOWIEDZIALNOŚĆ
Tytuł Dzieje literatur europejskich.
Oznaczenie części/sekcji dzieła 2.
-- Cz. 1,
Tytuł części/sekcji dzieła Literatura niemieckiego obszaru jezykowego, literatura holenderska i flamandzka, literatura angielska, literatura amerykańska Stanów Zjednoczonych /
Pozostałe elementy strefy tytułu i oznaczenia odpowiedzialności pod red. W. Floryana.
260 ## - STREFA ADRESU WYDAWNICZEGO
Miejsce wydania Warszawa,
Data publikacji, dystrybucji/powstania dokumentu 1982.
700 1# - HASŁO DODATKOWE - NAZWA OSOBOWA
Nazwa osobowa Floryan, Władysław.
Określenie związku między hasłem a opisywanym materiałem Red.
856 ## - LOKALIZACJA I DOSTĘP DO ELEKTRONICZNYCH DOKUMENTÓW ZDALNYCH
Link (URL) http://koha.tu.koszalin.pl/cgi-bin/koha/opac-detail.pl?biblionumber=21091
Tekst linku Katalog online BPK
942 ## - DODATKOWE ELEMENTY (KOHA)
Typ dokumentu Książka
Egzemplarze
Wycofany Status egzemplarza Uszkodzony Dostępność Lokalizacja stała Lokalizacja bieżąca Miejsce przechowywania Sygnatura Kod kreskowy Typ dokumentu
      Dostępny Biblioteka Politechniki Koszalińskiej Biblioteka Politechniki Koszalińskiej Wypożyczalnia BG 29594 01603644 Książka
© 2023 Biblioteka Politechniki Koszalińskiej :: KOHA